| 000 | 00978nam a22002777a 4500 | ||
|---|---|---|---|
| 003 | CHAP | ||
| 005 | 20220329135219.0 | ||
| 008 | 971013s1957 r 00010 d | ||
| 010 | _a32718 | ||
| 011 | _a33690 | ||
| 035 | _a37806 | ||
| 040 | _cCHAP | ||
| 082 |
_a348.4 _bC8 |
||
| 110 |
_aCuba. Leyes, decretos, etc. _9175418 |
||
| 245 | _aLey sobre el fomento agrícola e industrial de Cuba y reglamento para el funcionamiento de la Sección de Contratación Agrícola e Industrial de los registros de la propiedad | ||
| 260 |
_aLa Habana : _bBanco de Fomento Agrícola e Industrial, _c1957 |
||
| 300 | _a128 p. | ||
| 590 |
_aBATCH-UPD _b10 _c20130110 _lUCH01 _h2040 |
||
| 590 |
_aBATCH-UPD _b10 _c20130410 _lUCH01 _h1354 |
||
| 590 |
_aCONVERSION _b10 _c20130109 _lUCH01 _h1318 |
||
| 650 | 1 | 4 |
_aAgricultura _xAspectos economicos _xCuba. _91236 |
| 650 | 1 | 4 |
_aAgricultura _xLeyes. _91720 |
| 901 | _aBK | ||
| 942 | _cLIBRO | ||
| 949 |
_a348.4 C8 _bBC _cBPA _d-86570 _eBPA _h6870 _i37806 _si |
||
| 999 |
_c32718 _d32718 |
||